[Event "X Festival A"]
[Site "Campobasso ITA"]
[Date "2003.07.12"]
[Round "4"]
[White "Lettieri, Biagio"]
[Black "Vincenzi, Marco"]
[Result "1/2-1/2"]
[WhiteElo "1819"]
[BlackElo "2004"]
[PlyCount "66"]
[EventDate "2003.07.11"]

1. e4 c5 2. c3 Nf6 3. e5 Nd5 4. d4 cxd4 5. Nf3 Nc6 6. cxd4 d6 7. Bc4 Nb6 8. Bb5
dxe5 9. Nxe5 Bd7 10. Nxd7 Qxd7 11. Nc3 e6 12. O-O Be7 13. Be3 O-O 14. Qf3 a6
15. Bd3 Nb4 16. Bb1 N4d5 17. Nxd5 Nxd5 18. Rd1 Bf6 19. Be4 Rfd8 20. Rac1 Rac8
21. Bxd5 Qxd5 22. Qxd5 exd5 23. Kf1 Kf8 24. Ke2 Ke7 25. Kd3 Rc6 26. Rc3 Rxc3+
27. bxc3 b5 28. a4 Kd7 29. axb5 axb5 30. Ra1 Kc6 31. Ra7 Rd7 32. Rxd7 Kxd7 33.
Bf4 g6 1/2-1/2

[Event "X Festival A"]
[Site "Campobasso ITA"]
[Date "2003.07.12"]
[Round "4"]
[White "Mihalinec, Damir"]
[Black "Gerardi, Saverio"]
[Result "0-1"]
[WhiteElo "2207"]
[BlackElo "2138"]
[PlyCount "125"]
[EventDate "2003.07.11"]

1. e4 c5 2. Nf3 Nc6 3. d4 cxd4 4. Nxd4 e6 5. c4 a6 6. Be2 Nf6 7. Bf3 Qc7 8. O-O
Nxd4 9. Qxd4 Bc5 10. Qc3 O-O 11. Bg5 Be7 12. e5 Nd5 13. cxd5 Qxc3 14. Nxc3 Bxg5
15. Rad1 Rb8 16. Rfe1 b5 17. Ne4 Be7 18. d6 Bd8 19. b4 Bb6 20. Nc5 f6 21. Rd3
a5 22. a3 axb4 23. axb4 fxe5 24. g3 Bxc5 25. bxc5 Bb7 26. Bxb7 Rxb7 27. Rxe5
Rc8 28. f4 g6 29. Kf2 b4 30. Ke3 b3 31. Rd1 b2 32. Rb1 Rb5 33. Kd4 Kf7 34. Kc4
Rcb8 35. Re2 Rb4+ 36. Kc3 Rb3+ 37. Kc2 R8b5 38. Kd1 Rxc5 39. Rbxb2 Rxb2 40.
Rxb2 Rd5+ 41. Ke2 Rxd6 42. Ke3 Ra6 43. Kf3 h5 44. Ke4 Ra4+ 45. Ke3 Kf6 46. Rb7
Ra3+ 47. Ke4 d5+ 48. Kd4 Ra2 49. h3 Ra4+ 50. Ke3 Ra3+ 51. Kf2 h4 52. g4 Rxh3
53. Rh7 e5 54. Rd7 exf4 55. Rxd5 Rg3 56. Ra5 g5 57. Rf5+ Kg6 58. Ra5 Rxg4 59.
Ra6+ Kh5 60. Kf3 Rg3+ 61. Ke4 Kg4 62. Rh6 Re3+ 63. Kd4 0-1

[Event "X Festival A"]
[Site "Campobasso ITA"]
[Date "2003.07.12"]
[Round "4"]
[White "Passerotti, Pierluigi"]
[Black "Georgiev, Krum I."]
[Result "1/2-1/2"]
[WhiteElo "2287"]
[BlackElo "2456"]
[PlyCount "34"]
[EventDate "2003.07.11"]

1. d4 Nf6 2. c4 g6 3. Nc3 Bg7 4. e4 d6 5. Be2 O-O 6. Nf3 e5 7. O-O Nc6 8. d5
Ne7 9. Ne1 Nd7 10. f3 f5 11. Nd3 Rf7 12. g4 h6 13. h4 c6 14. a4 a5 15. Be3 Kh7
16. Kg2 Ng8 17. Rh1 f4 1/2-1/2

[Event "X Festival A"]
[Site "Campobasso ITA"]
[Date "2003.07.12"]
[Round "4"]
[White "Petruccioli, Antonio"]
[Black "Pizzuto, Samuele Tullio"]
[Result "1-0"]
[WhiteElo "2076"]
[BlackElo "2136"]
[PlyCount "75"]
[EventDate "2003.07.11"]

1. e4 d5 2. exd5 Qxd5 3. Nc3 Qd6 4. Nf3 Nf6 5. Bc4 Bg4 6. O-O a6 7. h3 Bh5 8.
g4 Bg6 9. d3 Nc6 10. a3 e6 11. b4 Be7 12. Bb2 h5 13. g5 Nh7 14. Qd2 Nd4 15.
Nxd4 Bxg5 16. Qe2 Qxd4 17. Nd5 Qxb2 18. Nxc7+ Kd7 19. Nxa8 Rxa8 20. b5 axb5 21.
Rab1 Qd4 22. Rxb5 b6 23. Qf3 Ra7 24. Rb4 Qc5 25. d4 Qd6 26. d5 e5 27. Bb5+ Kd8
28. h4 Bf6 29. Bd3 Rxa3 30. Rfb1 e4 31. Qe3 Qc5 32. Qf4 Bd4 33. Rxb6 Nf6 34.
Rb8+ Ke7 35. R1b7+ Nd7 36. Bb5 Ra2 37. Kg2 Qxb5 38. Rxb5 1-0

[Event "X Festival A"]
[Site "Campobasso ITA"]
[Date "2003.07.12"]
[Round "4"]
[White "Rossi, Aldo A."]
[Black "Chierchia, Gennaro"]
[Result "1-0"]
[WhiteElo "1839"]
[BlackElo "1653"]
[PlyCount "45"]
[EventDate "2003.07.11"]

1. d4 d5 2. e3 Nf6 3. Bd3 e6 4. Nd2 c5 5. c3 Nc6 6. f4 cxd4 7. exd4 Be7 8. Ngf3
Bd7 9. Ne5 Qb6 10. Ndf3 Ne4 11. Qe2 f5 12. O-O Rg8 13. Kh1 h6 14. Ng6 O-O-O 15.
Nfe5 Bf6 16. g4 Nxe5 17. fxe5 Be8 18. gxf5 exf5 19. Bxe4 fxe4 20. exf6 Bb5 21.
Qg4+ Bd7 22. Ne7+ Kb8 23. Qg3+ 1-0

[Event "X Festival A"]
[Site "Campobasso ITA"]
[Date "2003.07.12"]
[Round "4"]
[White "Russi, Roberto"]
[Black "Lettieri, Giuseppe"]
[Result "0-1"]
[WhiteElo "2125"]
[BlackElo "1894"]
[PlyCount "92"]
[EventDate "2003.07.11"]

1. c4 Nf6 2. Nc3 c5 3. Nf3 Nc6 4. d4 cxd4 5. Nxd4 d5 6. Nxc6 bxc6 7. cxd5 cxd5
8. e3 e6 9. Bb5+ Bd7 10. Qa4 Bc5 11. O-O O-O 12. a3 a5 13. Bd2 Bxb5 14. Nxb5
Ne4 15. Qc2 Qb6 16. Nc3 Nxd2 17. Qxd2 Qb3 18. Rab1 Rfc8 19. Rfc1 Rab8 20. Qc2
Be7 21. Qxb3 Rxb3 22. Na4 Rcb8 23. Ra1 Bf6 24. Rab1 h6 25. Rc5 Rxa3 26. Rxa5
Rb4 27. Ra8+ Kh7 28. Nb6 Rxa8 29. Nxa8 Be5 30. g3 Rb8 31. Ra1 Rxb2 32. Ra7 Kg6
33. Ra4 h5 34. Kg2 Rb7 35. Ra6 d4 36. exd4 Bxd4 37. Ra2 e5 38. Rc2 Rb8 39. Ra2
Rc8 40. h4 Kf5 41. f3 f6 42. Ra4 g5 43. hxg5 fxg5 44. Ra2 Rc1 45. Re2 Rc3 46.
Ra2 g4 0-1

[Event "X Festival A"]
[Site "Campobasso ITA"]
[Date "2003.07.12"]
[Round "4"]
[White "Shytaj, Carlo"]
[Black "De Vita, Igor"]
[Result "1-0"]
[WhiteElo "2150"]
[BlackElo "2158"]
[PlyCount "75"]
[EventDate "2003.07.11"]

1. e4 c5 2. c3 d5 3. exd5 Qxd5 4. d4 Nc6 5. Nf3 cxd4 6. cxd4 e5 7. Nc3 Bb4 8.
Bd2 Bxc3 9. Bxc3 e4 10. Ne5 Nxe5 11. dxe5 Ne7 12. Qb3 Qxb3 13. axb3 Bd7 14. g3
Bc6 15. Bg2 O-O 16. O-O f5 17. exf6 gxf6 18. Rfe1 f5 19. f3 f4 20. gxf4 Ng6 21.
fxe4 Nxf4 22. Bf1 h5 23. Ra5 Kh7 24. Rf5 Rxf5 25. exf5 Nd5 26. Bd4 Kh6 27. Bg2
Rg8 28. Re6+ Kg5 29. Rg6+ Rxg6 30. fxg6 Kxg6 31. Bxa7 Kf5 32. Kf2 Nb4 33. Bxc6
Nxc6 34. Bc5 Ne5 35. Bd4 Ng4+ 36. Kg3 Kg5 37. h3 h4+ 38. Kf3 1-0

[Event "X Festival A"]
[Site "Campobasso ITA"]
[Date "2003.07.12"]
[Round "4"]
[White "Shytaj, Luca"]
[Black "Corso, Sergio"]
[Result "1/2-1/2"]
[WhiteElo "2336"]
[BlackElo "2149"]
[PlyCount "32"]
[EventDate "2003.07.11"]

1. e4 c5 2. Nf3 e6 3. d4 cxd4 4. Nxd4 Nc6 5. Nc3 d6 6. Be3 Nf6 7. f3 Qc7 8. Qd2
a6 9. g4 Be7 10. h4 Nd7 11. O-O-O b5 12. Bxb5 axb5 13. Ndxb5 Qb8 14. Nxd6+ Bxd6
15. Qxd6 Qxd6 16. Rxd6 Nce5 1/2-1/2

[Event "X Festival A"]
[Site "Campobasso ITA"]
[Date "2003.07.12"]
[Round "4"]
[White "Stromboli, Carlo"]
[Black "Bighiu, Gheorghe"]
[Result "1/2-1/2"]
[WhiteElo "1744"]
[BlackElo "2126"]
[PlyCount "89"]
[EventDate "2003.07.11"]

1. e4 e5 2. Nf3 Nf6 3. Nxe5 d6 4. Nf3 Nxe4 5. d4 d5 6. Bd3 Nc6 7. O-O Bg4 8.
Re1 f5 9. c3 Qf6 10. b4 Bd6 11. h3 Bh5 12. Be2 O-O 13. Qb3 Ne7 14. Nbd2 c6 15.
Nf1 Bxf3 16. Bxf3 Kh8 17. Qc2 Rae8 18. a4 Ng6 19. Bxe4 fxe4 20. b5 Rf7 21. Ba3
Bxa3 22. Rxa3 Ref8 23. Ra2 Nf4 24. Re3 Nd3 25. Rxd3 exd3 26. Qxd3 h6 27. Ne3
Re7 28. a5 Qd6 29. a6 Ref7 30. Ng4 cxb5 31. Qxb5 bxa6 32. Rxa6 Qf4 33. Qe2 Rb7
34. Ra1 Rfb8 35. Qd3 Rb2 36. g3 Qf7 37. Qe3 Rb1+ 38. Rxb1 Rxb1+ 39. Kg2 Rb2 40.
Ne5 Qf5 41. Nf3 Qe4 42. Qxe4 dxe4 43. Ne5 a5 44. Nc4 Ra2 45. d5 1/2-1/2

[Event "X Festival A"]
[Site "Campobasso ITA"]
[Date "2003.07.12"]
[Round "4"]
[White "Stromboli, Ettore"]
[Black "Mishin, Alexei"]
[Result "0-1"]
[WhiteElo "2155"]
[BlackElo "2341"]
[PlyCount "158"]
[EventDate "2003.07.11"]

1. e4 c5 2. Nf3 g6 3. d4 cxd4 4. Qxd4 Nf6 5. Bc4 Nc6 6. Qd3 Bg7 7. c3 O-O 8. a4
d6 9. O-O Bg4 10. Ba2 Nd7 11. h3 Nc5 12. Qe2 Bxf3 13. Qxf3 Nxa4 14. Bd5 Nb6 15.
Bb3 Qc7 16. Na3 a6 17. Nc2 Rac8 18. Qe2 Nd7 19. Ne3 Nc5 20. Nd5 Qd8 21. Ba2 e6
22. Nf4 Qe7 23. Rd1 Rfd8 24. Be3 Be5 25. Nd3 Nxd3 26. Rxd3 Qh4 27. Bb6 Rd7 28.
Rad1 Re8 29. Bc5 Qd8 30. Qe3 Qa5 31. Bb1 Bf4 32. Qxf4 Qxc5 33. Rxd6 Rxd6 34.
Qxd6 Qb6 35. Qa3 a5 36. Bc2 Rd8 37. Qb3 Rxd1+ 38. Bxd1 Qxb3 39. Bxb3 Ne5 40.
Bc2 b5 41. f4 Nc4 42. b3 Ne3 43. Bb1 Kf8 44. Kf2 Nd1+ 45. Ke1 Nxc3 46. Bd3 Ke7
47. Kd2 b4 48. Ke3 Kd6 49. Kd4 f6 50. e5+ fxe5+ 51. fxe5+ Kc6 52. Bc4 Nd5 53.
h4 h6 54. g3 g5 55. h5 Nc7 56. Bd3 Nb5+ 57. Ke4 Nc3+ 58. Kd4 a4 59. bxa4 Nxa4
60. Be4+ Kb6 61. Kc4 b3 62. Kb4 Nc5 63. Bb1 Nd7 64. Kxb3 Kc5 65. Kc3 Kd5 66.
Kd3 Nxe5+ 67. Ke3 Ng4+ 68. Kf3 Nf6 69. Bg6 Kd4 70. g4 Nd7 71. Bb1 e5 72. Bf5
e4+ 73. Ke2 Nf6 74. Bc8 Ke5 75. Ke3 Nd5+ 76. Ke2 Kf4 77. Bb7 Nf6 78. Kf2 Nxg4+
79. Kg2 Nf6 0-1

[Event "X Festival A"]
[Site "Campobasso ITA"]
[Date "2003.07.12"]
[Round "4"]
[White "Takac, Zvonko"]
[Black "Ficco, Corrado"]
[Result "1/2-1/2"]
[WhiteElo "2157"]
[BlackElo "2098"]
[PlyCount "100"]
[EventDate "2003.07.11"]

1. d4 d5 2. Nf3 Nf6 3. c4 dxc4 4. Nc3 c6 5. a4 Bf5 6. e3 e6 7. Bxc4 Bb4 8. O-O
O-O 9. Qe2 Bg6 10. Ne5 Nbd7 11. Nxg6 hxg6 12. f4 Qa5 13. Na2 Be7 14. Bd2 Qh5
15. Qd3 Qf5 16. Qb3 Nb6 17. Bd3 Qd5 18. Qc2 a5 19. Nc3 Qd7 20. Rf3 Nbd5 21.
Nxd5 Nxd5 22. Rh3 Nb4 23. Bxb4 Bxb4 24. Qf2 Qe7 25. g4 f5 26. gxf5 gxf5 27. e4
Rad8 28. exf5 Rxd4 29. Qe2 Rxf4 30. Kh1 Rh4 31. Rxh4 Qxh4 32. Bc4 Kh8 33. Bxe6
Rd8 34. Bf7 Be7 35. Re1 Bb4 36. Rg1 Bd2 37. Bg6 Bh6 38. Rg4 Qf6 39. Re4 Qf8 40.
Re7 Rd1+ 41. Qxd1 Qxe7 42. Qd3 Qe1+ 43. Kg2 Qd2+ 44. Qxd2 Bxd2 45. Kf3 Kg8 46.
Ke4 Kf8 47. Kd4 Ke7 48. Kc4 Bg5 49. b3 Kd6 50. Bf7 Bf6 1/2-1/2

[Event "X Festival A"]
[Site "Campobasso ITA"]
[Date "2003.07.12"]
[Round "4"]
[White "Zaja, Ivan"]
[Black "Gagliardi, Pietro"]
[Result "1/2-1/2"]
[WhiteElo "2430"]
[BlackElo "2194"]
[PlyCount "64"]
[EventDate "2003.07.11"]

1. d4 Nf6 2. c4 c5 3. d5 d6 4. Nc3 g6 5. e4 Bg7 6. Bd3 O-O 7. h3 e6 8. Nf3 exd5
9. exd5 Re8+ 10. Be3 Bh6 11. O-O Bxe3 12. fxe3 Qe7 13. e4 a6 14. Qd2 Kg7 15.
Rf2 Nbd7 16. Raf1 h6 17. Bc2 Rf8 18. Ba4 Ng8 19. Bxd7 Bxd7 20. e5 dxe5 21. d6
Qe6 22. Qd5 Qxd5 23. Nxd5 f6 24. Nb6 Rad8 25. Nxe5 Bf5 26. g4 fxe5 27. gxf5
Rxd6 28. Nd5 gxf5 29. Rxf5 Rxf5 30. Rxf5 Nf6 31. Nxf6 Rxf6 32. Rxe5 b6 1/2-1/2

[Event "X Festival A"]
[Site "Campobasso ITA"]
[Date "2003.07.12"]
[Round "4"]
[White "Zelcic, Robert"]
[Black "Collutiis, Duilio"]
[Result "1-0"]
[WhiteElo "2543"]
[BlackElo "2409"]
[PlyCount "93"]
[EventDate "2003.07.11"]

1. e4 c5 2. Nf3 Nc6 3. d4 cxd4 4. Nxd4 Qc7 5. Nc3 e6 6. Be2 a6 7. O-O Nf6 8.
Kh1 Nxd4 9. Qxd4 Bc5 10. Qd2 Be7 11. f4 d6 12. Bd3 b5 13. Qe2 Bb7 14. e5 Nd5
15. Nxd5 Bxd5 16. a4 b4 17. Bxa6 Rxa6 18. Qxa6 O-O 19. Be3 dxe5 20. fxe5 Qxe5
21. Rae1 Qe4 22. Qe2 Bc4 23. Qf3 Qxc2 24. Rc1 Qb3 25. Bc5 Bxc5 26. Qxb3 Bxb3
27. Rxc5 Bxa4 28. Rf4 Bb3 29. Rxb4 Bd5 30. Rcb5 h5 31. Rb8 g5 32. h4 f6 33.
hxg5 fxg5 34. Rxf8+ Kxf8 35. Rb8+ Ke7 36. Rg8 h4 37. Kg1 Kf6 38. b4 e5 39. Rf8+
Ke6 40. Rg8 Kf5 41. Rd8 Be4 42. b5 g4 43. b6 Ke6 44. Rg8 Kd7 45. Rxg4 Bb7 46.
Rxh4 Kc6 47. Rh6+ 1-0

[Event "X Festival A"]
[Site "Campobasso ITA"]
[Date "2003.07.12"]
[Round "4"]
[White "Zimina, Olga"]
[Black "Ljubisavljevic, Zivojin Z."]
[Result "1-0"]
[WhiteElo "2367"]
[BlackElo "2300"]
[PlyCount "98"]
[EventDate "2003.07.11"]

1. e4 e6 2. d3 c5 3. Nf3 Nc6 4. g3 d5 5. Nbd2 Be7 6. Bg2 Nf6 7. O-O dxe4 8.
dxe4 Qc7 9. Re1 e5 10. c3 h6 11. Nf1 Be6 12. Qc2 O-O-O 13. Be3 g5 14. Red1 Nd7
15. b4 cxb4 16. cxb4 Bxb4 17. Rab1 Ba5 18. Rdc1 Bb6 19. a4 g4 20. Nh4 Bd4 21.
Nf5 Bxf5 22. exf5 Ndb8 23. Qe4 h5 24. Bg5 Rd6 25. Nd2 f6 26. Be3 Rhd8 27. Nc4
R6d7 28. h3 Bxe3 29. Qxe3 gxh3 30. Bxh3 h4 31. Qxa7 Rd1+ 32. Kg2 R8d4 33. Qc5
Nd7 34. Nb6+ Kd8 35. Nxd7 Rxc1 36. Qf8+ Kxd7 37. Rxc1 Qd6 38. Qf7+ Qe7 39. Qe6+
Qxe6 40. fxe6+ Kd6 41. Rb1 Nb4 42. Bf5 hxg3 43. fxg3 b6 44. Kf2 Nd5 45. Ra1 Ne7
46. Bh3 f5 47. Rb1 Kxe6 48. Rxb6+ Kd5 49. a5 49... f4 $139 1-0

[Event "X Festival A"]
[Site "Campobasso ITA"]
[Date "2003.07.13"]
[Round "5"]
[White "Benincasa, Marco"]
[Black "Stromboli, Ettore"]
[Result "1/2-1/2"]
[WhiteElo "1989"]
[BlackElo "2155"]
[PlyCount "55"]
[EventDate "2003.07.11"]

1. e4 e6 2. d4 d5 3. Nc3 Bb4 4. e5 c5 5. Bd2 Ne7 6. a3 Bxc3 7. bxc3 Qc7 8. Nf3
Nbc6 9. Bd3 Bd7 10. O-O a6 11. Be3 cxd4 12. cxd4 Na5 13. Nd2 Nc4 14. Bxc4 dxc4
15. Ne4 Bc6 16. Nd6+ Kf8 17. f3 Nc8 18. Ne4 b6 19. c3 Ne7 20. Nd6 Nf5 21. Nxf5
exf5 22. d5 Qxe5 23. Bxb6 Qxd5 24. Qxd5 Bxd5 25. Rfd1 Be6 26. Rab1 Ke7 27. Bc7
Ra7 28. Bb6 1/2-1/2

[Event "X Festival A"]
[Site "Campobasso ITA"]
[Date "2003.07.13"]
[Round "5"]
[White "Bighiu, Gheorghe"]
[Black "De Rosa, Mariagrazia"]
[Result "1-0"]
[WhiteElo "2126"]
[BlackElo "1828"]
[PlyCount "59"]
[EventDate "2003.07.11"]

1. h3 b6 2. e4 Bb7 3. Nc3 c5 4. Nf3 e6 5. Bc4 a6 6. a4 d5 7. exd5 exd5 8. Qe2+
Be7 9. Ba2 Nf6 10. d4 O-O 11. O-O Nc6 12. Be3 Re8 13. Qd2 Nb4 14. Ne2 Ne4 15.
Qc1 Bf6 16. Bb1 a5 17. c3 Ba6 18. Re1 Nc6 19. Nf4 g6 20. Nd3 c4 21. Nde5 Nxe5
22. dxe5 Bxe5 23. Nxe5 Rxe5 24. Bd4 Rh5 25. Bxe4 dxe4 26. Rxe4 Bb7 27. Re2 Qd5
28. f3 Qc6 29. Qe3 f5 30. Qe5 1-0

[Event "X Festival A"]
[Site "Campobasso ITA"]
[Date "2003.07.13"]
[Round "5"]
[White "Chierchia, Gennaro"]
[Black "Di Martino, Antonio"]
[Result "0-1"]
[WhiteElo "1653"]
[BlackElo "1728"]
[PlyCount "83"]
[EventDate "2003.07.11"]

1. Nf3 c5 2. c4 Nc6 3. Nc3 Nf6 4. g3 b6 5. Bg2 Bb7 6. O-O Nd4 7. d3 g6 8. Bf4
Bg7 9. Rb1 a5 10. Nxd4 Bxg2 11. Kxg2 cxd4 12. Nb5 d6 13. Qc2 O-O 14. Bd2 e5 15.
b4 a4 16. Rb2 Qd7 17. e3 dxe3 18. Bxe3 Rfc8 19. Qe2 Qc6+ 20. Kg1 d5 21. Rc1 Ne8
22. Rbc2 Nd6 23. Nxd6 Qxd6 24. c5 bxc5 25. Rxc5 Rxc5 26. Rxc5 e4 27. d4 Qd7 28.
a3 Bf8 29. Qb5 Qxb5 30. Rxb5 f5 31. Kf1 Kf7 32. Bd2 Ke6 33. Rb6+ Kd7 34. Rb7+
Kc6 35. Rxh7 Kb5 36. Rh8 Kc4 37. Bh6 Kb3 38. Rxf8 Ra6 39. Rc8 Kxa3 40. b5 Rb6
41. Bf8+ Kb3 42. Rc1 0-1

[Event "X Festival A"]
[Site "Campobasso ITA"]
[Date "2003.07.13"]
[Round "5"]
[White "Cordi', Domenico"]
[Black "Takac, Zvonko"]
[Result "0-1"]
[WhiteElo "1992"]
[BlackElo "2157"]
[PlyCount "90"]
[EventDate "2003.07.11"]

1. e4 c5 2. Nf3 Nc6 3. d4 cxd4 4. Nxd4 e5 5. Nb5 d6 6. c4 a6 7. N5c3 Be6 8. Be3
Nf6 9. Be2 Be7 10. O-O O-O 11. f3 Rc8 12. Kh1 Nh5 13. Qd2 Nd4 14. Na3 Nxe2 15.
Qxe2 Bh4 16. g4 Nf4 17. Bxf4 exf4 18. Rfd1 Bf6 19. Nd5 Be5 20. Rd2 g6 21. Rg1
Kg7 22. b3 Rh8 23. Nc2 Bxd5 24. Rxd5 Qg5 25. Qf2 h5 26. Ne1 hxg4 27. Rxg4 Qf6
28. Nd3 Rh3 29. Rg2 Re8 30. a4 Reh8 31. c5 R8h5 32. Qe2 dxc5 33. Nxc5 Qe7 34.
Qd3 Qh4 35. Qe2 Rg3 36. Nd3 Bc7 37. Rd7 Rhg5 38. Ne1 Rc5 39. b4 Rxg2 40. Kxg2
Rg5+ 41. Kh1 Be5 42. Nd3 Qh3 43. Rd5 Qe6 44. Nxe5 Rxe5 45. Qb2 f6 0-1

[Event "X Festival A"]
[Site "Campobasso ITA"]
[Date "2003.07.13"]
[Round "5"]
[White "Corso, Sergio"]
[Black "Zaja, Ivan"]
[Result "0-1"]
[WhiteElo "2149"]
[BlackElo "2430"]
[PlyCount "112"]
[EventDate "2003.07.11"]

1. d4 Nf6 2. c4 e6 3. Nc3 Bb4 4. e3 b6 5. Nge2 Ba6 6. a3 Be7 7. Nf4 d5 8. cxd5
Bxf1 9. Kxf1 exd5 10. Qf3 c6 11. g3 O-O 12. Kg2 Bd6 13. Re1 Bxf4 14. Qxf4 Na6
15. Bd2 Nc7 16. Rad1 Ne6 17. Qf5 Re8 18. Bc1 g6 19. Qc2 Qd7 20. h4 Ng7 21. f3
Re6 22. Ne2 Qd6 23. Nf4 Nfh5 24. e4 Nxf4+ 25. Bxf4 Qd7 26. Bh6 dxe4 27. fxe4
Rae8 28. Bxg7 Kxg7 29. Kh2 Qe7 30. e5 f6 31. Rd2 f5 32. d5 cxd5 33. Rxd5 Rd8
34. Rxd8 Qxd8 35. Qc4 Qe8 36. Qd5 Qc6 37. Rd1 Qxd5 38. Rxd5 Kf7 39. Kg2 Re7 40.
a4 Rc7 41. a5 Ke6 42. Rd2 bxa5 43. Kf3 Kxe5 44. Re2+ Kf6 45. Rd2 Rb7 46. Rc2
Rb3+ 47. Kf4 Rb4+ 48. Kf3 a4 49. Ke3 a5 50. Rc6+ Kg7 51. Rc2 Kh6 52. Kf3 Kh5
53. Rc5 Rb3+ 54. Kf4 Rxb2 55. g4+ Kxh4 56. gxf5 Rf2+ 0-1

[Event "X Festival A"]
[Site "Campobasso ITA"]
[Date "2003.07.13"]
[Round "5"]
[White "De Vita, Igor"]
[Black "Ferri, Stefano"]
[Result "0-1"]
[WhiteElo "2158"]
[BlackElo "2069"]
[PlyCount "76"]
[EventDate "2003.07.11"]

1. d4 Nf6 2. c4 e6 3. Nf3 b6 4. a3 Bb7 5. Nc3 d5 6. Bg5 Be7 7. e3 Nbd7 8. Rc1
O-O 9. cxd5 exd5 10. Bd3 h6 11. Bf4 c6 12. h3 Re8 13. Ne5 Nxe5 14. dxe5 Nh7 15.
Qh5 Nf8 16. Ne2 Bg5 17. Bg3 g6 18. Qg4 Qd7 19. f4 f5 20. Qf3 Be7 21. Bf2 c5 22.
O-O c4 23. Bb1 d4 24. Qg3 d3 25. Nd4 b5 26. Rfd1 Be4 27. Ba2 Kh7 28. h4 h5 29.
Be1 Bc5 30. Bc3 a5 31. Qe1 b4 32. Bd2 Bxd4 33. exd4 b3 34. Rxc4 bxa2 35. Bxa5
Ne6 36. Qc3 Rec8 37. d5 Rxc4 38. Qxc4 Qxd5 0-1

[Event "X Festival A"]
[Site "Campobasso ITA"]
[Date "2003.07.13"]
[Round "5"]
[White "Decataldo, Alba"]
[Black "Fioravanti, Diego"]
[Result "1-0"]
[WhiteElo "1794"]
[BlackElo "1912"]
[PlyCount "73"]
[EventDate "2003.07.11"]

1. e4 e5 2. Nf3 Nc6 3. d4 exd4 4. Bc4 Bc5 5. c3 dxc3 6. Bxf7+ Kxf7 7. Qd5+ Kf8
8. Qxc5+ Qe7 9. Qxc3 d6 10. O-O Nf6 11. Re1 Ne5 12. Bg5 h6 13. Nxe5 Qxe5 14.
Bxf6 gxf6 15. Qxc7 Rg8 16. Nc3 Rg7 17. Qc4 Qh5 18. Re3 Bh3 19. Rg3 Bg4 20. Nd5
Qf7 21. Qd4 Rg6 22. Nf4 Rg5 23. Qxd6+ Kg8 24. h3 Bd7 25. Rxg5+ hxg5 26. Nd5 Kg7
27. Nxf6 Bc6 28. Ng4 Qg6 29. Qxg6+ Kxg6 30. Ne5+ Kf6 31. Nxc6 bxc6 32. Rc1 Rb8
33. b3 Ke5 34. f3 Rd8 35. Rxc6 Rd1+ 36. Kh2 Kf4 37. Rf6+ 1-0

[Event "X Festival A"]
[Site "Campobasso ITA"]
[Date "2003.07.13"]
[Round "5"]
[White "Della Corte, Alessandro"]
[Black "Stromboli, Carlo"]
[Result "1/2-1/2"]
[WhiteElo "2096"]
[BlackElo "1744"]
[PlyCount "74"]
[EventDate "2003.07.11"]

1. e4 e5 2. Nf3 Nc6 3. Bb5 a6 4. Ba4 Nf6 5. O-O b5 6. Bb3 Bc5 7. Nxe5 Nxe5 8.
d4 Bxd4 9. Qxd4 d6 10. c3 c5 11. Qe3 Nfg4 12. Qe2 h5 13. Bd5 Ra7 14. a4 bxa4
15. f4 Nd7 16. Nd2 Nb6 17. Bc6+ Bd7 18. Bxd7+ Qxd7 19. Nf3 Qb5 20. Qd1 O-O 21.
h3 Nf6 22. Ng5 Rd7 23. Qf3 Re8 24. Re1 Rde7 25. Kh2 Qc4 26. Bd2 Nxe4 27. Qxh5
Nxg5 28. Rxe7 Rxe7 29. Qxg5 f6 30. Qg6 Qe4 31. Qxe4 Rxe4 32. Kg3 Re2 33. Rd1
Nc4 34. Bc1 Kf7 35. Kf3 Re8 36. g3 a5 37. h4 Re7 1/2-1/2

[Event "X Festival A"]
[Site "Campobasso ITA"]
[Date "2003.07.13"]
[Round "5"]
[White "Di Lascio, Savino"]
[Black "Lettieri, Biagio"]
[Result "1-0"]
[WhiteElo "2117"]
[BlackElo "1819"]
[PlyCount "103"]
[EventDate "2003.07.11"]

1. Nf3 Nf6 2. g3 g6 3. Bg2 Bg7 4. O-O O-O 5. d3 d5 6. c3 c5 7. Na3 e6 8. Nc2
Nc6 9. h3 b6 10. Bd2 Bb7 11. a4 Qc7 12. Na3 a6 13. Qc1 Rfc8 14. Bh6 Bh8 15. Rb1
Nd7 16. h4 d4 17. h5 Nce5 18. hxg6 Nxf3+ 19. Bxf3 fxg6 20. Bg4 Re8 21. e4 Ne5
22. Be2 Nf7 23. c4 Nxh6 24. Qxh6 Qg7 25. Qh3 Bc8 26. Qg2 h5 27. b4 e5 28. Qh2
Bd7 29. bxc5 Re7 30. Rxb6 Bxa4 31. Rfb1 Be8 32. Rd6 Rc7 33. Rbb6 Rxc5 34. Rxa6
Rxa6 35. Rxa6 Qb7 36. Rd6 Qc7 37. Rd5 Ra5 38. Nb5 Bxb5 39. cxb5 Ra2 40. Qh3 Ra7
41. Qe6+ Qf7 42. Rd8+ Kh7 43. Qxf7+ Rxf7 44. Bd1 Rb7 45. Rd5 Kh6 46. Bb3 Rb6
47. Bc4 Bg7 48. Rc5 Rb8 49. Rc6 Kh7 50. b6 g5 51. Be6 Ra8 52. b7 1-0

[Event "X Festival A"]
[Site "Campobasso ITA"]
[Date "2003.07.13"]
[Round "5"]
[White "Farina, Saverio"]
[Black "Ciampi, Vincenzo"]
[Result "0-1"]
[WhiteElo "2123"]
[BlackElo "2120"]
[PlyCount "96"]
[EventDate "2003.07.11"]

1. c4 e5 2. Nc3 d6 3. Nf3 g6 4. d4 Nd7 5. e4 Bg7 6. Be2 Ne7 7. Be3 O-O 8. Qd2
exd4 9. Bxd4 Ne5 10. O-O-O N7c6 11. Bxe5 Nxe5 12. Nxe5 Bxe5 13. f4 Bg7 14. e5
Be6 15. Qc2 Qe7 16. exd6 cxd6 17. Nd5 Bxd5 18. Rxd5 Rac8 19. Kb1 Rc6 20. Bf3
Rfc8 21. Rb5 Rxc4 22. Qb3 b6 23. a4 Qf6 24. Re1 Qxf4 25. Bd5 Rc1+ 26. Rxc1
Rxc1+ 27. Ka2 Qf1 28. Qf3 Ra1+ 29. Kb3 Qxf3+ 30. gxf3 Rb1 31. Ka2 Rh1 32. a5
Rxh2 33. axb6 axb6 34. Rxb6 Be5 35. Rb7 Rd2 36. Bxf7+ Kg7 37. Be6+ Kf6 38. Bc8
h5 39. Ka3 Rf2 40. Ka4 Bxb2 41. Kb5 Be5 42. Kc6 Rxf3 43. Kd7 Kg5 44. Ke7 h4 45.
Rb4 Rg3 46. Kf7 h3 47. Rb8 h2 48. Bb7 Rb3 0-1

[Event "X Festival A"]
[Site "Campobasso ITA"]
[Date "2003.07.13"]
[Round "5"]
[White "Ficco, Corrado"]
[Black "Capuano, Eugenio"]
[Result "0-1"]
[WhiteElo "2098"]
[BlackElo "2143"]
[PlyCount "52"]
[EventDate "2003.07.11"]

1. c4 b6 2. Nc3 Bb7 3. d4 e6 4. e3 f5 5. d5 Nf6 6. dxe6 Bb4 7. exd7+ Nbxd7 8.
Nf3 Ne4 9. Bd2 Bxc3 10. Bxc3 Nxc3 11. bxc3 Qe7 12. Be2 O-O 13. O-O Rad8 14. Qd4
f4 15. Rfe1 c5 16. Qd2 Ne5 17. Qc1 Nxf3+ 18. Bxf3 Bxf3 19. gxf3 Qh4 20. exf4
Rxf4 21. Qe3 Rdf8 22. Rad1 Rxf3 23. Qe6+ Kh8 24. Rd7 Rxf2 25. Qe5 Qg4+ 26. Qg3
Qxd7 0-1

[Event "X Festival A"]
[Site "Campobasso ITA"]
[Date "2003.07.13"]
[Round "5"]
[White "Fioravanti, Emidio"]
[Black "Russi, Roberto"]
[Result "0-1"]
[WhiteElo "1813"]
[BlackElo "2125"]
[PlyCount "70"]
[EventDate "2003.07.11"]

1. e4 c5 2. Nf3 e6 3. d4 cxd4 4. Nxd4 Nc6 5. c3 Nf6 6. Nxc6 bxc6 7. e5 Nd5 8.
c4 Ne7 9. Bd2 Qc7 10. Qe2 Ng6 11. f4 d5 12. Nc3 Ba6 13. b3 Bb4 14. g3 Qa5 15.
Qf3 Ne7 16. g4 h5 17. Rc1 hxg4 18. Qxg4 Nf5 19. Qg2 g6 20. Nb1 Rh4 21. Qf2 Bb7
22. a4 c5 23. Bg2 O-O-O 24. cxd5 Bxd5 25. Bxd5 Rxd5 26. Rc4 Kb8 27. Bxb4 cxb4
28. O-O Rg4+ 29. Kh1 Rd3 30. Rc5 Qd8 31. Rb5+ Ka8 32. Qc2 Qd7 33. Rc1 Ne7 34.
Qe2 Rxf4 35. Qg2+ Nd5 0-1

[Event "X Festival A"]
[Site "Campobasso ITA"]
[Date "2003.07.13"]
[Round "5"]
[White "Fiore, Tommaso"]
[Black "Di Carlo, Pasquale"]
[Result "1/2-1/2"]
[WhiteElo "1747"]
[BlackElo "1714"]
[PlyCount "40"]
[EventDate "2003.07.11"]

1. h4 a5 2. a4 h5 3. Nh3 Ra6 4. Na3 Rhh6 5. g3 e5 6. b3 d5 7. Bg2 Be6 8. Bb2
Bd6 9. O-O Ne7 10. Rc1 Nd7 11. Ra1 f6 12. Rc1 c6 13. Ra1 Qc7 14. Rc1 Kf7 15.
Ra1 Nc5 16. Rc1 Nf5 17. Ra1 Rb6 18. Rc1 Rg6 19. Ra1 Rg4 20. Rc1 Rbb4 1/2-1/2